Umelá inteligencia a jej možnosti využitia pri budovaní inteligentných miest

Digitálne technológie vrátane umelej inteligencie v súčasnosti rýchlo napredujú a ich aplikácia má obrovský potenciál nielen pre spoločnosť ako celok, ale aj pre jednotlivcov. Rastúci trend implementácie umelej inteligencie a identifikácia vybraných oblastí v rámci podnikateľského sektora a verejnej...

Descrizione completa

Salvato in:
Dettagli Bibliografici
Autore principale: Rayevnyeva, Olena
Altri autori: Brovko, Olha
Natura: Capitolo di libro
Lingua:inglese
Soggetti:
Tags: Aggiungi Tag
Nessun Tag, puoi essere il primo ad aggiungerne!!

MARC

LEADER 00000naa a2200000 4500
001 0313543
005 20251210081731.9
041 0 |a eng 
044 |a SK 
245 1 0 |a Umelá inteligencia a jej možnosti využitia pri budovaní inteligentných miest  |c Olena Rayevnyeva, Olha Brovko 
520 |a Digitálne technológie vrátane umelej inteligencie v súčasnosti rýchlo napredujú a ich aplikácia má obrovský potenciál nielen pre spoločnosť ako celok, ale aj pre jednotlivcov. Rastúci trend implementácie umelej inteligencie a identifikácia vybraných oblastí v rámci podnikateľského sektora a verejnej správy. Osobitná pozornosť sa venuje využitiu umelej inteligencie v kontexte rozvoja inteligentných miest. Na základe súčasného technologického pokroku práca analyzuje úlohu umelej inteligencie pri optimalizácii mestských procesov, zvyšovaní efektívnosti verejných služieb a podpore udržateľného rozvoja. 
610 2 0 |a inteligencia umelá 
610 2 0 |a pokrok technologický 
610 2 0 |a mestá inteligentné 
610 2 0 |a služby verejné 
610 2 0 |a udržateľnosť 
100 1 |a Rayevnyeva, Olena 
700 1 |a Brovko, Olha